00851cpcaa2200229 4500001001300000003000400013005001700017008004100034010001700075040002400092072001200116100003700128245004600165300001300211506002200224545010300246546003600349580005700385656006600442656006000508656005300568mm 79000227 DLC20260227111629.0790117|||||||||||| eng  amm 79000227  aDLCcDLCedacsdDLC 7aC2lcmd1 aBloodworth, Timothy,d1736-1814.00aTimothy Bloodworth correspondence,f1786. a1fitem.0 aOpen to research.0 aDelegate of the U.S. Continental Congress and U.S. representative and senator from North Carolina. aCollection material in English. aForms part of: Miscellaneous Manuscripts collection. 7aDelegates, U.S. Continental CongresszNorth Carolina.2itoamc 7aRepresentatives, U.S. CongresszNorth Carolina.2itoamc 7aSenators, U.S. CongresszNorth Carolina.2itoamc